Automatizácia zhotovovania otvorov v kruhových prírubách : Diplomová práca

Saved in:
Bibliographic Details
Main Author: Malovecký, Tibor (Author)
Other Authors: Helík, Vladimír (xxx)
Format: Manuscript Book
Language:Slovak
Published: Trnava : STU v Bratislave MtF KOOS , 1995
Subjects:
Tags: Add Tag
No Tags, Be the first to tag this record!

MARC

LEADER 00000ntm a22000003a 4500
001 stu92719
005 20160719154544.8
008 050202s1995----xo------------------slo-d
040 |a STU  |b slo 
041 0 |a slo 
044 |a xo 
100 1 |a Malovecký, Tibor  |4 aut 
245 1 |a Automatizácia zhotovovania otvorov v kruhových prírubách :  |b Diplomová práca 
260 |a Trnava :  |b STU v Bratislave MtF KOOS ,  |c 1995 
300 |a 65 s  |c príl 
650 7 |a Strojárska technológia-obrábanie  |2 stusub 
700 1 |a Helík, Vladimír  |4 xxx 
996 |b 284M037916  |c M*DP-2897  |l MMSKP  |s P  |a 0  |w stu92719_0001